Score 0/14 Timer 01:00
0 Plays Today
% Correct
October
93.6%
War
92.7%
Pop
91.3%
The Joshua Tree
90%
All That You Can't Leave Behind
87.7%
How to Dismantle an Atomic Bomb
86.5%
The Unforgettable Fire
86%
% Correct
Boy
83.6%
Achtung Baby
83.6%
Rattle and Hum
82.7%
No Line on the Horizon
78.9%
Zooropa
67.3%
Songs of Innocence
61%
Songs of Experience
44.9%

Today's Daily Dose

Missing Word
Lizzo Songs

Get the Picture
The Longest Rivers

Remove Ads.
Support Sporcle.
Get the best of Sporcle when you Go Orange. This ad-free experience offers more features, more stats, and more fun while also helping to support Sporcle. Thank you for becoming a member.

You're not logged in!

Compare scores with friends on all Sporcle quizzes.
OR
Log In

Show Comments

Extras

Top Quizzes Today


Score Distribution

Your Account Isn't Verified!

In order to create a playlist on Sporcle, you need to verify the email address you used during registration. Go to your Sporcle Settings to finish the process.

Report this User

Report this user for behavior that violates our Community Guidelines.

Details: